[Event "55th Rubinstein Memorial-A 2019"]
[Site "Polanica-Zdroj"]
[Date "2019.08.23"]
[Round "7.10"]
[White "Kucza, Karol"]
[Black "Szczurek, Krzysztof"]
[Result "1-0"]
[WhiteElo "2296"]
[BlackElo "2112"]
[Annotator "NA"]
[PlyCount "67"]
[EventDate "2019.08.17"]
[EventType "swiss"]
[EventCountry "POL"]
[SourceTitle "playchess.com"]
[Source "ChessBase"]
[SourceQuality "1"]
[TimeControl "40/5400+30:1800+30"]

1. e4 {[%emt 0:00:00]} g6 {[%emt 0:00:00]} 2. d4 {[%emt 0:00:00]} Bg7 {[%emt 0:00:00]} 3. Nc3 {[%emt 0:00:00]} d6 {[%emt 0:00:00]} 4. f4 {[%emt 0:00:00]} Nf6 {[%emt 0:00:04]} 5. Nf3 {[%emt 0:00:00]} O-O {[%emt 0:00:13]} 6. Bd3 {[%emt 0:00:00]} c5 {[%emt 0:00:17]} 7. dxc5 {[%emt 0:02:51]} dxc5 {[%emt 0:00:21]} 8. e5 {[%emt 0:00:07]} Nd5 {[%emt 0:01:29]} 9. Qe2 {[%emt 0:04:12]} Nxc3 {[%emt 0:03:32]} 10. bxc3 {[%emt 0:00:06]} Nc6 {[%emt 0:00:06]} 11. O-O {[%emt 0:00:55]} Qc7 {[%emt 0:02:58]} 12. Bd2 {[%emt 0:12:57]} f6 {[%emt 0:04:10]} 13. Rae1 {[%emt 0:16:50]} Kh8 {[%emt 0:28:43]} 14. e6 {[%emt 0:14:57]} f5 {[%emt 0:00:26]} 15. Ng5 {[%emt 0:00:06]} h6 {[%emt 0:01:36]} 16. Nf7+ {[%emt 0:02:21]} Kg8 {[%emt 0:04:24]} 17. g4 {[%emt 0:00:45]} Nd8 {[%emt 0:02:30]} 18. gxf5 {[%emt 0:02:25]} gxf5 {[%emt 0:00:17]} 19. Bxf5 {[%emt 0:15:47]} Nxf7 {[%emt 0:00:59]} 20. exf7+ {[%emt 0:00:06]} Rxf7 {[%emt 0:00:11]} 21. Bg6 {[%emt 0:00:05]} Rf6 {[%emt 0:06:34]} 22. f5 {[%emt 0:00:05]} e5 {[%emt 0:00:06]} 23. Qh5 {[%emt 0:01:34]} Qd6 {[%emt 0:01:14]} 24. Rd1 {[%emt 0:04:22]} Qf8 {[%emt 0:00:24]} 25. Bg5 {[%emt 0:02:02]} b6 {[%emt 0:02:34]} 26. Bxf6 {[%emt 0:00:14]} Bxf6 {[%emt 0:00:15]} 27. Qf3 {[%emt 0:02:27]} Ba6 {[%emt 0:00:07]} 28. Rd7 {[%emt 0:00:26]} Bc4 {[%emt 0:01:57]} 29. Rfd1 {[%emt 0:05:05]} e4 {[%emt 0:01:27]} 30. Qxe4 {[%emt 0:00:20]} b5 {[%emt 0:00:05]} 31. R1d6 {[%emt 0:05:43]} Bxc3 {[%emt 0:01:12]} 32. f6 {[%emt 0:05:41]} Bd4+ {[%emt 0:02:40]} 33. Rxd4 {[%emt 0:00:53]} cxd4 {[%emt 0:00:07]} 34. Qxd4 {[%emt 0:02:31]} 1-0

[Event "55th Rubinstein Memorial-A 2019"]
[Site "Polanica-Zdroj"]
[Date "2019.08.23"]
[Round "7.11"]
[White "Jaskolka, Tomasz"]
[Black "Kaczmarek, Arkadiusz"]
[Result "1-0"]
[WhiteElo "2227"]
[BlackElo "1986"]
[Annotator "NA"]
[PlyCount "61"]
[EventDate "2019.08.17"]
[EventType "swiss"]
[EventCountry "POL"]
[SourceTitle "playchess.com"]
[Source "ChessBase"]
[SourceQuality "1"]
[TimeControl "40/5400+30:1800+30"]

1. d4 {[%emt 0:00:00]} d5 {[%emt 0:00:00]} 2. c4 {[%emt 0:00:00]} c6 {[%emt 0:00:00]} 3. Nc3 {[%emt 0:00:06]} Nf6 {[%emt 0:00:09]} 4. Nf3 {[%emt 0:00:11]} e6 {[%emt 0:00:14]} 5. Bg5 {[%emt 0:00:54]} dxc4 {[%emt 0:00:14]} 6. e4 {[%emt 0:01:44]} b5 {[%emt 0:00:11]} 7. e5 {[%emt 0:00:35]} h6 {[%emt 0:00:13]} 8. Bh4 {[%emt 0:00:06]} g5 {[%emt 0:00:16]} 9. Bg3 {[%emt 0:00:25]} Nd5 {[%emt 0:00:27]} 10. Nd2 {[%emt 0:02:07]} Bb7 {[%emt 0:03:44]} 11. Be2 {[%emt 0:00:26]} Nd7 {[%emt 0:01:55]} 12. a4 {[%emt 0:00:52]} a6 {[%emt 0:05:19]} 13. Nde4 {[%emt 0:01:19]} Nxc3 {[%emt 0:03:45]} 14. Nxc3 {[%emt 0:05:46]} b4 {[%emt 0:29:49]} 15. Ne4 {[%emt 0:17:22]} c5 {[%emt 0:00:22]} 16. Bf3 {[%emt 0:02:12]} Qb6 {[%emt 0:06:07]} 17. a5 {[%emt 0:46:38]} Qb5 {[%emt 0:07:49]} 18. d5 {[%emt 0:00:31]} exd5 {[%emt 0:01:37]} 19. Nf6+ {[%emt 0:02:02]} Nxf6 {[%emt 0:24:33]} 20. exf6 {[%emt 0:00:04]} Qc6 {[%emt 0:00:17]} 21. O-O {[%emt 0:00:21]} Kd7 {[%emt 0:04:23]} 22. Re1 {[%emt 0:07:04]} Re8 {[%emt 0:00:43]} 23. Bg4+ {[%emt 0:02:35]} Kd8 {[%emt 0:00:37]} 24. Rxe8+ {[%emt 0:04:04]} Qxe8 {[%emt 0:00:41]} 25. Qf3 {[%emt 0:00:45]} Qc6 {[%emt 0:03:08]} 26. Qe2 {[%emt 0:03:43]} Qxf6 {[%emt 0:03:52]} 27. Be5 {[%emt 0:00:22]} Qe7 {[%emt 0:00:01]} 28. Bxh8 {[%emt 0:00:13]} f6 {[%emt 0:01:48]} 29. Qf3 {[%emt 0:00:52]} d4 {[%emt 0:01:19]} 30. Qf5 {[%emt 0:00:56]} Qe4 {[%emt 0:00:55]} 31. Qd7# {[%emt 0:00:08]} 1-0

[Event "55th Rubinstein Memorial-A 2019"]
[Site "Polanica-Zdroj"]
[Date "2019.08.23"]
[Round "7.12"]
[White "Lukasiewicz, Krzysztof"]
[Black "Rosicki, Marcin"]
[Result "1/2-1/2"]
[WhiteElo "2185"]
[BlackElo "2042"]
[Annotator "NA"]
[PlyCount "149"]
[EventDate "2019.08.17"]
[EventType "swiss"]
[EventCountry "POL"]
[SourceTitle "playchess.com"]
[Source "ChessBase"]
[SourceQuality "1"]
[TimeControl "40/5400+30:1800+30"]

1. e4 {[%emt 0:00:00]} e5 {[%emt 0:03:27]} 2. Nf3 {[%emt 0:00:00]} Nc6 {[%emt 0:00:36]} 3. Bc4 {[%emt 0:00:00]} Nf6 {[%emt 0:00:06]} 4. d3 {[%emt 0:00:00]} Bc5 {[%emt 0:00:05]} 5. O-O {[%emt 0:00:00]} d6 {[%emt 0:00:04]} 6. c3 {[%emt 0:00:00]} h6 {[%emt 0:00:50]} 7. Nbd2 {[%emt 0:00:07]} O-O {[%emt 0:00:06]} 8. Bb3 {[%emt 0:00:20]} a5 {[%emt 0:00:07]} 9. Re1 {[%emt 0:02:25]} Re8 {[%emt 0:02:38]} 10. Nf1 {[%emt 0:02:38]} Be6 {[%emt 0:00:05]} 11. Ng3 {[%emt 0:01:47]} d5 {[%emt 0:11:46]} 12. exd5 {[%emt 0:10:12]} Bxd5 {[%emt 0:04:17]} 13. Bc2 {[%emt 0:03:48]} Ng4 {[%emt 0:14:25]} 14. Rf1 Nf6 {[%emt 0:00:54]} 15. Qe2 {[%emt 0:12:44]} Qe7 {[%emt 0:08:09]} 16. Nd2 {[%emt 0:09:43]} b5 {[%emt 0:07:30]} 17. Re1 {[%emt 0:07:05]} Rab8 {[%emt 0:01:18]} 18. h3 {[%emt 0:02:20]} Ba7 {[%emt 0:05:22]} 19. Nf3 {[%emt 0:04:19]} Qd7 {[%emt 0:09:03]} 20. Nh4 {[%emt 0:05:18]} Be6 {[%emt 0:04:58]} 21. Bd2 {[%emt 0:09:32]} Rbd8 {[%emt 0:05:40]} 22. Nh5 {[%emt 0:06:13]} Qe7 {[%emt 0:05:33]} 23. Rf1 {[%emt 0:02:30]} e4 {[%emt 0:04:32]} 24. d4 {[%emt 0:04:59]} Nxh5 {[%emt 0:00:23]} 25. Qxe4 {[%emt 0:03:56]} f5 {[%emt 0:03:08]} 26. Nxf5 {[%emt 0:00:41]} Bxf5 {[%emt 0:00:05]} 27. Qxf5 {[%emt 0:00:04]} Nf6 {[%emt 0:00:06]} 28. Qg6 {[%emt 0:02:03]} Kf8 {[%emt 0:04:20]} 29. Bb3 {[%emt 0:02:10]} a4 {[%emt 0:01:02]} 30. Rfe1 {[%emt 0:00:10]} Qd7 {[%emt 0:00:06]} 31. Bxh6 {[%emt 0:01:50]} axb3 {[%emt 0:00:27]} 32. Qxf6+ {[%emt 0:00:04]} Kg8 {[%emt 0:00:20]} 33. Bxg7 {[%emt 0:00:13]} Qxg7 {[%emt 0:03:42]} 34. Qxc6 {[%emt 0:01:04]} Rxe1+ {[%emt 0:00:18]} 35. Rxe1 {[%emt 0:00:04]} bxa2 {[%emt 0:00:08]} 36. Qa6 {[%emt 0:00:15]} Bb6 {[%emt 0:00:30]} 37. Qxa2+ {[%emt 0:00:05]} Qf7 {[%emt 0:00:08]} 38. Qa6 {[%emt 0:01:20]} Rf8 {[%emt 0:01:07]} 39. f3 {[%emt 0:00:17]} Re8 {[%emt 0:01:26]} 40. Rxe8+ {[%emt 0:00:00]} Qxe8 {[%emt 0:00:00]} 41. Kf2 {[%emt 0:08:46]} Qc6 {[%emt 0:09:14]} 42. Qc8+ {[%emt 0:00:39]} Kg7 {[%emt 0:00:13]} 43. Qg4+ {[%emt 0:00:19]} Kf7 {[%emt 0:01:10]} 44. Qf5+ {[%emt 0:00:19]} Kg7 {[%emt 0:00:15]} 45. Ke3 {[%emt 0:05:10]} b4 {[%emt 0:02:56]} 46. Kd3 {[%emt 0:01:34]} bxc3 {[%emt 0:00:07]} 47. bxc3 {[%emt 0:00:04]} Qa4 {[%emt 0:00:32]} 48. Qg5+ {[%emt 0:02:33]} Kf7 {[%emt 0:00:19]} 49. Qh5+ {[%emt 0:00:37]} Kg7 {[%emt 0:00:14]} 50. f4 {[%emt 0:02:01]} Qa1 {[%emt 0:02:48]} 51. Qg4+ {[%emt 0:01:41]} Kf6 {[%emt 0:03:40]} 52. Qg5+ {[%emt 0:00:05]} Kf7 {[%emt 0:00:04]} 53. Qf5+ {[%emt 0:00:04]} Kg7 {[%emt 0:00:30]} 54. Qd7+ {[%emt 0:01:26]} Kf6 {[%emt 0:00:06]} 55. Qc6+ {[%emt 0:00:03]} Kf5 {[%emt 0:08:05]} 56. Qf3 {[%emt 0:06:09]} Qb1+ {[%emt 0:02:36]} 57. Ke2 {[%emt 0:00:04]} Qc2+ {[%emt 0:00:14]} 58. Kf1 {[%emt 0:00:05]} Qc1+ {[%emt 0:00:13]} 59. Kf2 {[%emt 0:00:03]} Qd2+ {[%emt 0:02:42]} 60. Kg3 {[%emt 0:00:27]} Qe1+ {[%emt 0:00:07]} 61. Kh2 {[%emt 0:00:03]} Qd2 {[%emt 0:00:13]} 62. Qd5+ {[%emt 0:01:46]} Kf6 {[%emt 0:00:42]} 63. Qe5+ {[%emt 0:00:03]} Kg6 {[%emt 0:00:06]} 64. f5+ {[%emt 0:07:21]} Kf7 {[%emt 0:04:06]} 65. h4 {[%emt 0:00:54]} Qxc3 {[%emt 0:00:39]} 66. Qe6+ {[%emt 0:00:40]} Kf8 {[%emt 0:00:04]} 67. Qf6+ {[%emt 0:02:29]} Ke8 {[%emt 0:00:32]} 68. Qg6+ {[%emt 0:01:37]} Kd7 {[%emt 0:00:36]} 69. Qe6+ {[%emt 0:01:52]} Kd8 {[%emt 0:00:04]} 70. f6 {[%emt 0:02:24]} Bxd4 {[%emt 0:00:14]} 71. Qg8+ {[%emt 0:00:33]} Kd7 {[%emt 0:00:07]} 72. Qg4+ {[%emt 0:00:04]} Ke8 {[%emt 0:00:29]} 73. Qg6+ {[%emt 0:01:04]} Kd8 {[%emt 0:00:55]} 74. Qg8+ {[%emt 0:01:51]} Kd7 {[%emt 0:00:07]} 75. Qg4+ {[%emt 0:00:40]} 1/2-1/2

[Event "55th Rubinstein Memorial-A 2019"]
[Site "Polanica-Zdroj"]
[Date "2019.08.23"]
[Round "7.13"]
[White "Zych, Marek"]
[Black "Luba, Lukasz"]
[Result "0-1"]
[WhiteElo "2061"]
[BlackElo "2130"]
[Annotator "NA"]
[PlyCount "86"]
[EventDate "2019.08.17"]
[EventType "swiss"]
[EventCountry "POL"]
[SourceTitle "playchess.com"]
[Source "ChessBase"]
[SourceQuality "1"]
[TimeControl "40/5400+30:1800+30"]

1. Nf3 {[%emt 0:00:00]} d6 {[%emt 0:06:59]} 2. d4 {[%emt 0:00:00]} Nf6 {[%emt 0:00:37]} 3. c4 {[%emt 0:00:00]} Nbd7 {[%emt 0:00:39]} 4. Nc3 {[%emt 0:00:11]} e5 {[%emt 0:01:22]} 5. e4 {[%emt 0:00:10]} c6 {[%emt 0:00:47]} 6. Be2 {[%emt 0:00:16]} Qc7 {[%emt 0:00:25]} 7. O-O {[%emt 0:00:23]} Be7 {[%emt 0:00:30]} 8. Re1 {[%emt 0:00:53]} h6 {[%emt 0:01:06]} 9. Rb1 {[%emt 0:06:45]} a5 {[%emt 0:02:28]} 10. Qc2 {[%emt 0:03:39]} g5 {[%emt 0:01:06]} 11. d5 {[%emt 0:01:33]} c5 {[%emt 0:01:18]} 12. a3 {[%emt 0:00:43]} a4 {[%emt 0:01:14]} 13. b3 {[%emt 0:01:19]} axb3 {[%emt 0:01:15]} 14. Rxb3 {[%emt 0:00:30]} Nf8 {[%emt 0:00:10]} 15. Bd2 {[%emt 0:02:14]} Ng6 {[%emt 0:00:18]} 16. a4 {[%emt 0:01:17]} g4 {[%emt 0:00:21]} 17. Reb1 {[%emt 0:08:58]} gxf3 {[%emt 0:00:17]} 18. Bxf3 {[%emt 0:00:17]} Nh4 {[%emt 0:00:27]} 19. Nb5 {[%emt 0:01:19]} Qd7 {[%emt 0:01:35]} 20. Be2 {[%emt 0:03:18]} Rg8 {[%emt 0:05:04]} 21. Rg3 {[%emt 0:00:17]} Rg6 {[%emt 0:03:35]} 22. Rxg6 {[%emt 0:01:28]} Nxg6 {[%emt 0:08:28]} 23. Bxh6 {[%emt 0:02:13]} Nh7 {[%emt 0:04:57]} 24. Bg4 {[%emt 0:05:44]} Qd8 {[%emt 0:00:32]} 25. Bf5 {[%emt 0:00:39]} Bg5 {[%emt 0:02:03]} 26. Bxg5 {[%emt 0:02:38]} Nxg5 {[%emt 0:00:06]} 27. Bxg6 {[%emt 0:01:31]} fxg6 {[%emt 0:00:23]} 28. h4 {[%emt 0:02:10]} Nf7 {[%emt 0:00:15]} 29. g3 {[%emt 0:00:51]} Kf8 {[%emt 0:00:59]} 30. Nc3 {[%emt 0:00:51]} Kg7 {[%emt 0:03:31]} 31. f3 {[%emt 0:02:00]} g5 {[%emt 0:01:22]} 32. hxg5 {[%emt 0:01:14]} Qxg5 {[%emt 0:00:33]} 33. Qf2 {[%emt 0:00:20]} Qh6 {[%emt 0:03:00]} 34. g4 {[%emt 0:02:29]} Bd7 {[%emt 0:01:59]} 35. Kg2 {[%emt 0:00:44]} Rh8 {[%emt 0:00:12]} 36. Kf1 {[%emt 0:00:50]} Bc8 {[%emt 0:00:22]} 37. Ke2 {[%emt 0:01:14]} Qf4 {[%emt 0:05:44]} 38. Rg1 {[%emt 0:00:33]} Rh3 {[%emt 0:00:08]} 39. g5 {[%emt 0:03:18]} Kg6 {[%emt 0:03:58]} 40. Rg2 {[%emt 0:00:00]} Nxg5 {[%emt 0:00:00]} 41. Nb5 {[%emt 0:03:09]} Rxf3 {[%emt 0:01:46]} 42. Rxg5+ {[%emt 0:00:11]} Kxg5 {[%emt 0:00:05]} 43. Qxf3 {[%emt 0:00:02]} Bg4 {[%emt 0:00:06]} 0-1

[Event "55th Rubinstein Memorial-A 2019"]
[Site "Polanica-Zdroj"]
[Date "2019.08.23"]
[Round "7.14"]
[White "Betkowski, Andrzej"]
[Black "Shishkin, Vadim"]
[Result "0-1"]
[WhiteElo "2023"]
[BlackElo "2445"]
[Annotator "NA"]
[PlyCount "45"]
[EventDate "2019.08.17"]
[EventType "swiss"]
[EventCountry "POL"]
[SourceTitle "playchess.com"]
[Source "ChessBase"]
[SourceQuality "1"]
[TimeControl "40/5400+30:1800+30"]

1. e4 {[%emt 0:00:00]} c5 {[%emt 0:00:00]} 2. Nc3 {[%emt 0:00:00]} Nc6 {[%emt 0:00:00]} 3. g3 {[%emt 0:00:00]} g6 {[%emt 0:00:00]} 4. Bg2 {[%emt 0:00:09]} Bg7 {[%emt 0:00:00]} 5. d3 {[%emt 0:00:18]} d6 {[%emt 0:00:26]} 6. Be3 {[%emt 0:00:28]} e6 {[%emt 0:00:04]} 7. Qd2 {[%emt 0:00:36]} b6 {[%emt 0:02:58]} 8. Nge2 {[%emt 0:04:14]} Bb7 {[%emt 0:00:17]} 9. d4 {[%emt 0:07:04]} Nf6 {[%emt 0:02:40]} 10. h3 {[%emt 0:02:15]} e5 {[%emt 0:03:28]} 11. d5 {[%emt 0:16:53]} Nd4 {[%emt 0:00:25]} 12. f4 {[%emt 0:05:02]} Ba6 {[%emt 0:11:02]} 13. g4 {[%emt 0:10:24]} h5 {[%emt 0:07:55]} 14. fxe5 {[%emt 0:05:08]} dxe5 {[%emt 0:01:47]} 15. g5 {[%emt 0:01:26]} Nh7 {[%emt 0:00:32]} 16. Ng1 {[%emt 0:02:38]} f5 {[%emt 0:06:14]} 17. exf5 {[%emt 0:07:00]} gxf5 {[%emt 0:01:04]} 18. O-O-O {[%emt 0:01:09]} Nf8 {[%emt 0:01:15]} 19. Re1 {[%emt 0:02:58]} Ng6 {[%emt 0:11:00]} 20. Nd1 {[%emt 0:03:31]} O-O {[%emt 0:03:02]} 21. c3 {[%emt 0:04:10]} Rc8 {[%emt 0:02:46]} 22. Kb1 {[%emt 0:04:38]} e4 {[%emt 0:10:33]} 23. Nf2 {[%emt 0:11:43]} 0-1

[Event "55th Rubinstein Memorial-A 2019"]
[Site "Polanica-Zdroj"]
[Date "2019.08.23"]
[Round "7.15"]
[White "Luberanski, Jakub"]
[Black "Niedbala, Bartlomiej"]
[Result "1/2-1/2"]
[WhiteElo "1996"]
[BlackElo "2169"]
[Annotator "NA"]
[PlyCount "150"]
[EventDate "2019.08.17"]
[EventType "swiss"]
[EventCountry "POL"]
[SourceTitle "playchess.com"]
[Source "ChessBase"]
[SourceQuality "1"]
[TimeControl "40/5400+30:1800+30"]

1. d4 {[%emt 0:00:00]} g6 {[%emt 0:01:31]} 2. e4 {[%emt 0:00:00]} Bg7 {[%emt 0:00:04]} 3. Nc3 {[%emt 0:00:00]} a6 {[%emt 0:00:03]} 4. f4 {[%emt 0:00:52]} d6 {[%emt 0:00:24]} 5. Nf3 {[%emt 0:00:59]} b5 {[%emt 0:00:04]} 6. e5 {[%emt 0:06:06]} Nd7 {[%emt 0:06:24]} 7. Bd3 {[%emt 0:02:23]} c5 {[%emt 0:00:44]} 8. Qe2 {[%emt 0:20:53]} cxd4 {[%emt 0:04:55]} 9. Ne4 {[%emt 0:01:27]} Nh6 {[%emt 0:19:15]} 10. O-O {[%emt 0:06:41]} O-O {[%emt 0:06:28]} 11. a4 {[%emt 0:02:52]} b4 {[%emt 0:07:51]} 12. exd6 {[%emt 0:07:45]} Nf5 {[%emt 0:03:17]} 13. Bd2 {[%emt 0:09:18]} exd6 {[%emt 0:02:32]} 14. Bxb4 {[%emt 0:01:12]} Qb6 {[%emt 0:03:22]} 15. Bd2 {[%emt 0:02:26]} Re8 {[%emt 0:02:39]} 16. Qf2 {[%emt 0:03:51]} Bb7 {[%emt 0:05:24]} 17. a5 {[%emt 0:01:33]} Qc7 {[%emt 0:00:54]} 18. Rae1 {[%emt 0:02:57]} Ne3 {[%emt 0:07:39]} 19. Bxe3 {[%emt 0:01:47]} dxe3 {[%emt 0:00:02]} 20. Rxe3 {[%emt 0:00:05]} d5 {[%emt 0:02:34]} 21. Ng3 {[%emt 0:06:29]} Qxf4 {[%emt 0:01:28]} 22. Rxe8+ {[%emt 0:00:17]} Rxe8 {[%emt 0:00:01]} 23. Qa7 {[%emt 0:01:37]} Qe3+ {[%emt 0:03:23]} 24. Qxe3 {[%emt 0:00:06]} Rxe3 {[%emt 0:00:02]} 25. Kf2 {[%emt 0:00:39]} Re8 {[%emt 0:01:29]} 26. c3 {[%emt 0:08:31]} Nc5 {[%emt 0:01:46]} 27. Bc2 {[%emt 0:00:07]} f5 {[%emt 0:01:57]} 28. Rd1 {[%emt 0:01:34]} Bf6 {[%emt 0:03:48]} 29. Ne2 {[%emt 0:01:21]} Ne4+ {[%emt 0:02:14]} 30. Kf1 {[%emt 0:00:10]} g5 {[%emt 0:02:49]} 31. Bb3 {[%emt 0:01:58]} Rd8 {[%emt 0:00:12]} 32. Ng3 {[%emt 0:01:50]} Nc5 {[%emt 0:01:29]} 33. Ba2 {[%emt 0:00:58]} f4 {[%emt 0:01:09]} 34. Nf5 {[%emt 0:02:31]} Kf8 {[%emt 0:03:04]} 35. N3d4 {[%emt 0:02:17]} Rd7 {[%emt 0:00:51]} 36. Re1 {[%emt 0:02:09]} Ne4 {[%emt 0:00:22]} 37. Ne6+ {[%emt 0:00:32]} Kf7 {[%emt 0:01:32]} 38. Nfd4 {[%emt 0:00:29]} Bxd4 {[%emt 0:02:35]} 39. Nxd4 {[%emt 0:00:09]} Kf6 {[%emt 0:00:20]} 40. Re2 {[%emt 0:00:00]} Rc7 {[%emt 0:00:00]} 41. Bb1 {[%emt 0:14:20]} Rc5 {[%emt 0:05:23]} 42. Nb3 {[%emt 0:00:28]} Rb5 {[%emt 0:04:02]} 43. Bc2 {[%emt 0:00:09]} h6 {[%emt 0:01:52]} 44. Ke1 {[%emt 0:05:37]} Nc5 {[%emt 0:01:11]} 45. Nxc5 {[%emt 0:00:28]} Rxc5 {[%emt 0:00:03]} 46. Re8 {[%emt 0:00:17]} d4 {[%emt 0:02:11]} 47. Rh8 {[%emt 0:06:57]} dxc3 {[%emt 0:01:22]} 48. Rxh6+ {[%emt 0:00:11]} Ke5 {[%emt 0:00:02]} 49. bxc3 {[%emt 0:00:39]} Rxc3 {[%emt 0:02:40]} 50. Kd2 {[%emt 0:00:57]} Rc5 {[%emt 0:00:01]} 51. h4 {[%emt 0:01:32]} gxh4 {[%emt 0:02:45]} 52. Rh5+ {[%emt 0:00:05]} Kd6 {[%emt 0:00:15]} 53. Rh6+ {[%emt 0:00:17]} Kc7 {[%emt 0:00:31]} 54. Rh7+ {[%emt 0:00:34]} Kb8 {[%emt 0:00:04]} 55. Rxh4 {[%emt 0:00:10]} Bxg2 {[%emt 0:02:21]} 56. Rxf4 {[%emt 0:00:05]} Rxa5 {[%emt 0:00:05]} 57. Rf8+ {[%emt 0:01:11]} Kc7 {[%emt 0:00:38]} 58. Rf7+ {[%emt 0:00:06]} Kd6 {[%emt 0:00:23]} 59. Rf6+ {[%emt 0:00:12]} Ke7 {[%emt 0:00:18]} 60. Rb6 {[%emt 0:00:07]} Bf1 {[%emt 0:01:09]} 61. Kc3 {[%emt 0:01:08]} Bb5 {[%emt 0:01:35]} 62. Kb2 {[%emt 0:00:10]} Kd7 {[%emt 0:00:10]} 63. Rh6 {[%emt 0:00:45]} Kc7 {[%emt 0:01:51]} 64. Rh5 {[%emt 0:00:24]} Kb6 {[%emt 0:00:36]} 65. Rg5 {[%emt 0:00:07]} Bc4 {[%emt 0:00:55]} 66. Rxa5 {[%emt 0:00:04]} Kxa5 {[%emt 0:00:03]} 67. Ka1 {[%emt 0:00:09]} Kb4 {[%emt 0:00:02]} 68. Bd1 {[%emt 0:00:07]} a5 {[%emt 0:00:00]} 69. Bc2 {[%emt 0:00:06]} Kc3 {[%emt 0:00:14]} 70. Bd1 {[%emt 0:00:11]} Bb5 {[%emt 0:00:14]} 71. Ka2 {[%emt 0:00:08]} Bc4+ {[%emt 0:00:13]} 72. Ka1 {[%emt 0:00:04]} Kd2 {[%emt 0:00:03]} 73. Ba4 {[%emt 0:00:05]} Kc1 {[%emt 0:00:03]} 74. Be8 {[%emt 0:00:12]} Bf7 {[%emt 0:00:22]} 75. Bxf7 {[%emt 0:00:05]} a4 {[%emt 0:00:02]} 1/2-1/2

[Event "55th Rubinstein Memorial-A 2019"]
[Site "Polanica-Zdroj"]
[Date "2019.08.23"]
[Round "7.16"]
[White "Skurniak, Szymon"]
[Black "Vanduyfhuys, Daria"]
[Result "1-0"]
[WhiteElo "1962"]
[BlackElo "2160"]
[Annotator "NA"]
[PlyCount "129"]
[EventDate "2019.08.17"]
[EventType "swiss"]
[EventCountry "POL"]
[SourceTitle "playchess.com"]
[Source "ChessBase"]
[SourceQuality "1"]
[TimeControl "40/5400+30:1800+30"]

1. e4 {[%emt 0:00:00]} c5 {[%emt 0:00:00]} 2. Nf3 {[%emt 0:00:00]} Nc6 {[%emt 0:00:00]} 3. d4 {[%emt 0:00:00]} cxd4 {[%emt 0:00:00]} 4. Nxd4 {[%emt 0:00:02]} Nf6 {[%emt 0:00:02]} 5. Nc3 {[%emt 0:00:43]} e5 {[%emt 0:00:06]} 6. Ndb5 {[%emt 0:00:18]} d6 {[%emt 0:00:07]} 7. Bg5 {[%emt 0:00:04]} a6 {[%emt 0:00:08]} 8. Na3 {[%emt 0:00:50]} b5 {[%emt 0:00:08]} 9. Nd5 {[%emt 0:00:05]} Be7 {[%emt 0:00:08]} 10. Bxf6 {[%emt 0:00:04]} Bxf6 {[%emt 0:00:05]} 11. c3 {[%emt 0:01:13]} Ne7 {[%emt 0:00:10]} 12. Nxf6+ {[%emt 0:00:21]} gxf6 {[%emt 0:00:05]} 13. c4 {[%emt 0:01:08]} b4 {[%emt 0:06:18]} 14. Qa4+ {[%emt 0:02:56]} Bd7 {[%emt 0:02:48]} 15. Qxb4 {[%emt 0:02:14]} Rb8 {[%emt 0:00:11]} 16. Qc3 {[%emt 0:13:52]} Qb6 {[%emt 0:09:24]} 17. b3 {[%emt 0:03:57]} Bc6 {[%emt 0:03:28]} 18. Bd3 {[%emt 0:09:12]} Rg8 {[%emt 0:02:05]} 19. g3 {[%emt 0:12:41]} f5 {[%emt 0:01:36]} 20. c5 {[%emt 0:00:14]} Qxc5 {[%emt 0:00:24]} 21. Qxc5 {[%emt 0:00:07]} dxc5 {[%emt 0:00:06]} 22. Rc1 {[%emt 0:13:48]} fxe4 {[%emt 0:14:33]} 23. Be2 {[%emt 0:00:34]} Rd8 {[%emt 0:00:34]} 24. Rxc5 {[%emt 0:02:01]} Rd5 {[%emt 0:10:45]} 25. Rc2 {[%emt 0:16:07]} Rg6 {[%emt 0:06:41]} 26. Nc4 {[%emt 0:02:54]} Nf5 {[%emt 0:02:30]} 27. Ne3 {[%emt 0:01:00]} Nxe3 {[%emt 0:02:00]} 28. fxe3 {[%emt 0:00:04]} Bb5 {[%emt 0:05:04]} 29. Bc4 {[%emt 0:02:36]} Bxc4 {[%emt 0:00:43]} 30. Rxc4 {[%emt 0:00:11]} Rgd6 {[%emt 0:00:13]} 31. O-O {[%emt 0:00:21]} Rd2 {[%emt 0:02:46]} 32. Rxe4 {[%emt 0:00:19]} f6 {[%emt 0:11:15]} 33. Rf2 {[%emt 0:00:40]} Rxf2 {[%emt 0:00:15]} 34. Kxf2 Rd2+ {[%emt 0:00:06]} 35. Kf3 {[%emt 0:00:07]} Rxa2 {[%emt 0:06:07]} 36. Rh4 {[%emt 0:02:15]} Kf7 {[%emt 0:05:49]} 37. Rxh7+ {[%emt 0:00:05]} Kg6 {[%emt 0:00:04]} 38. Ra7 {[%emt 0:03:09]} Kf5 {[%emt 0:00:53]} 39. g4+ {[%emt 0:02:39]} Kg5 {[%emt 0:01:23]} 40. Kg3 {[%emt 0:00:00]} Ra1 {[%emt 0:00:00]} 41. h4+ {[%emt 0:00:21]} Kg6 {[%emt 0:02:55]} 42. h5+ {[%emt 0:05:35]} Kh6 {[%emt 0:00:47]} 43. Rf7 {[%emt 0:01:39]} Rg1+ {[%emt 0:00:51]} 44. Kh3 {[%emt 0:00:42]} Re1 {[%emt 0:01:22]} 45. Rxf6+ {[%emt 0:00:04]} Kg7 {[%emt 0:00:06]} 46. Rxa6 {[%emt 0:01:27]} Rxe3+ {[%emt 0:00:04]} 47. Kh4 {[%emt 0:00:10]} Rxb3 {[%emt 0:00:05]} 48. Kg5 {[%emt 0:00:03]} e4 {[%emt 0:00:15]} 49. Ra7+ {[%emt 0:01:04]} Kg8 {[%emt 0:00:24]} 50. Re7 {[%emt 0:03:59]} e3 {[%emt 0:01:10]} 51. Kf4 {[%emt 0:01:28]} Rb4+ {[%emt 0:00:09]} 52. Kf3 {[%emt 0:01:28]} e2 {[%emt 0:00:09]} 53. Rxe2 {[%emt 0:00:06]} Kg7 {[%emt 0:00:04]} 54. Re6 {[%emt 0:00:08]} Kf7 {[%emt 0:00:09]} 55. Ra6 {[%emt 0:00:04]} Kg7 {[%emt 0:00:13]} 56. Re6 {[%emt 0:03:55]} Ra4 {[%emt 0:01:09]} 57. Kg3 {[%emt 0:00:50]} Kh7 {[%emt 0:00:31]} 58. Kh4 {[%emt 0:00:34]} Ra5 {[%emt 0:00:05]} 59. Rf6 {[%emt 0:00:09]} Kg7 {[%emt 0:01:06]} 60. Rf5 {[%emt 0:00:30]} Ra6 {[%emt 0:03:13]} 61. Kg5 {[%emt 0:00:52]} Rb6 {[%emt 0:00:06]} 62. Ra5 {[%emt 0:00:04]} Rc6 {[%emt 0:00:08]} 63. Kf5 {[%emt 0:00:25]} Rb6 {[%emt 0:00:12]} 64. Ra7+ {[%emt 0:00:29]} Kh6 {[%emt 0:00:21]} 65. g5+ {[%emt 0:00:07]} 1-0